Dinámica de la violencia en el departamento de Córdoba 1967 - 2008 / (Registro nro. 5159)
[ vista simple ]
| 000 -LEADER | |
|---|---|
| fixed length control field | 01272nam a2200229Ia 4500 |
| 003 - CONTROL NUMBER IDENTIFIER | |
| control field | OSt |
| 005 - DATE AND TIME OF LATEST TRANSACTION | |
| control field | 20200407025049.0 |
| 008 - FIXED-LENGTH DATA ELEMENTS--GENERAL INFORMATION | |
| fixed length control field | 191128s2009 ck ab gr 000 0 spa d |
| 020 ## - INTERNATIONAL STANDARD BOOK NUMBER | |
| International Standard Book Number | 9789589438237 |
| 040 ## - CATALOGING SOURCE | |
| Original cataloging agency | CO-JMCR |
| Transcribing agency | CO-JMCR |
| 041 0# - LANGUAGE CODE | |
| Language code of text/sound track or separate title | spa |
| 082 04 - DEWEY DECIMAL CLASSIFICATION NUMBER | |
| Classification number | 322.42 / |
| Item number | O145d |
| Edition number | 21 |
| 110 1# - MAIN ENTRY--CORPORATE NAME | |
| Corporate name or jurisdiction name as entry element | Colombia. |
| Subordinate unit | Observatorio del programa presidencial de derechos humanos |
| 9 (RLIN) | 2646 |
| 245 10 - TITLE STATEMENT | |
| Title | Dinámica de la violencia en el departamento de Córdoba 1967 - 2008 / |
| 260 ## - PUBLICATION, DISTRIBUTION, ETC. | |
| Place of publication, distribution, etc. | Bogotá : |
| Name of publisher, distributor, etc. | Observatorio del programa presidencial de derechos humanos, |
| Date of publication, distribution, etc. | 2009 |
| 300 ## - PHYSICAL DESCRIPTION | |
| Extent | 196 páginas : |
| Other physical details | ilustraciones a color, mapas a blanco y negro ; |
| Dimensions | 28 cm. |
| 505 0# - FORMATTED CONTENTS NOTE | |
| Formatted contents note | Regionalización características generales de la población y ventajas estratégicas del Departamento para los actores armados -- Algunas generalidades sobre la economía cordobesa, la colonización el desarrollo de la ganaderia y su relación con la violencia |
| 520 ## - SUMMARY, ETC. | |
| Summary, etc. | Resulta del mayor interés hacer una interpretación sobre la dinámica reciente de la violencia en Córdoba, en especial la derivada de la confrontación armada |
| 650 14 - SUBJECT ADDED ENTRY--TOPICAL TERM | |
| Topical term or geographic name entry element | Violencia |
| General subdivision | aspectos sociales |
| Chronological subdivision | 1967-2008 |
| Geographic subdivision | Cordoba (Colombia) |
| 9 (RLIN) | 2647 |
| 650 14 - SUBJECT ADDED ENTRY--TOPICAL TERM | |
| Topical term or geographic name entry element | Conflicto armado |
| Chronological subdivision | 1967-2008 |
| Geographic subdivision | Cordoba (Colombia) |
| 9 (RLIN) | 2648 |
| 942 ## - ADDED ENTRY ELEMENTS (KOHA) | |
| Source of classification or shelving scheme | Dewey Decimal Classification |
| Koha item type | Books |
| Withdrawn status | Lost status | Source of classification or shelving scheme | Damaged status | Not for loan | Collection code | Home library | Current library | Date acquired | Source of acquisition | Cost, normal purchase price | Total Checkouts | Full call number | Barcode | Date last seen | Copy number | Koha item type |
|---|---|---|---|---|---|---|---|---|---|---|---|---|---|---|---|---|
| Dewey Decimal Classification | Non-fiction | Biblioteca Pública José María del Castillo y Rada | Biblioteca Pública José María del Castillo y Rada | 04/15/2018 | Donación | 0.00 | 322.42 / O145d | 430001383 | 05/16/2024 | Ej.1 | Books |